Riconosci il Pokémon - Quiz n°314 - Statistics

Statistiche generali
  • Questo quiz è stato fatto 0 volte
  • Il punteggio medio è 0 su 10
Statistiche sulle risposte
Indizio Risposta % Corretto
Altezza 0,4 m
0%
Sesso 100% ♀
0%
Tasso di cattura 235 (41.3%)
0%
Peso 3,4 kg
0%
Abilità Curacuore; Presagio; Magispecchio
0%
Stadio evoluzione Forma Base
0%
Pokémon Hatenna
0%
Tasso di allevamento Lento
0%
Generazione Ottava
0%
Tipo Psico
0%
Nessun quiz corrispondente trovato
Distribuzione punteggi
Percentuale di utenti per punteggio
Percentile per numero di risposta
I tuoi punteggi nel tempo
Non hai fatto questo quiz